[Event "46th Bulgarian Team Championship"]
[Site "Sunny Beach"]
[Date "2013.09.24"]
[Round "6"]
[Board "1"]
[White "Videnova, Iva"]
[Black "Strutinskaya, Galina N"]
[Result "1/2-1/2"]
[WhiteElo "2293"]
[BlackElo "2292"]
[PlyCount "110"]
[EventDate "2013.09.19"]
[EventType "team"]
[EventRounds "7"]
[EventCountry "BUL"]
[WhiteTeam "Lokomotiv 2000, Plovdiv"]
[BlackTeam "Lokomotiv, Plovdiv"]

1. e4 c5 2. Nf3 Nc6 3. d4 cxd4 4. Nxd4 e5 5. Nb5 a6 6. Nd6+ Bxd6 7. Qxd6 Qe7 8.
Qd1 d6 9. Nc3 Be6 10. Nd5 Bxd5 11. exd5 Nb8 12. Qg4 f6 13. Bd3 Nd7 14. Bxh7 g5
15. Bg6+ Kd8 16. h4 gxh4 17. Bf5 Rc8 18. Rxh4 Rxh4 19. Qxh4 Qg7 20. Qh3 Rc7 21.
Bd2 Ne7 22. Bxd7 Rxd7 23. Ba5+ Ke8 24. O-O-O f5 25. c4 Qg6 26. Rh1 Ng8 27. Qh5
Rg7 28. g3 b5 29. cxb5 axb5 30. Bb4 Kd8 31. Ba5+ Kc8 32. Qxg6 Rxg6 33. Rh7 Nf6
34. Rc7+ Kb8 35. Rf7 Nxd5 36. Rxf5 Kb7 37. Bd2 Kc6 38. Kd1 Rg8 39. Ke2 Nb6 40.
Rg5 Ra8 41. a3 Na4 42. Bc1 Rh8 43. Rf5 Kd5 44. Rf3 Rc8 45. Kd1 Nc5 46. Rc3 Rh8
47. Be3 Ne4 48. Rc1 Rh2 49. Ke1 Nf6 50. Ke2 Ke4 51. Kd2 d5 52. Re1 Kf3 53. Bb6
Ng4 54. Kc3 d4+ 55. Bxd4 exd4+ 1/2-1/2

[Event "46th Bulgarian Team Championship"]
[Site "Sunny Beach"]
[Date "2013.09.24"]
[Round "6"]
[Board "2"]
[White "Voiska, Margarita"]
[Black "Nikolova, Adriana"]
[Result "1/2-1/2"]
[WhiteElo "2275"]
[BlackElo "2274"]
[PlyCount "83"]
[EventDate "2013.09.19"]
[EventType "team"]
[EventRounds "7"]
[EventCountry "BUL"]
[WhiteTeam "Lokomotiv, Plovdiv"]
[BlackTeam "Lokomotiv 2000, Plovdiv"]

1. Nf3 d5 2. d4 Nf6 3. g3 b5 4. Bg2 Bb7 5. c3 e6 6. Qb3 a6 7. a4 c6 8. O-O Nbd7
9. Nbd2 c5 10. axb5 c4 11. Qc2 axb5 12. Rxa8 Qxa8 13. b3 Bd6 14. Bb2 Bc6 15.
Ra1 Qb7 16. Ba3 Bxa3 17. Rxa3 O-O 18. b4 Ra8 19. Qb2 Ne4 20. Nb1 f6 21. Ne1 Nd6
22. e3 Nb6 23. Bf3 Be8 24. Bd1 Bg6 25. Ra5 Bxb1 26. Qxb1 Rxa5 27. bxa5 Nbc8 28.
Bc2 h6 29. Bh7+ Kf8 30. Bg6 Qa6 31. Qb4 Kg8 32. Nc2 Ne7 33. Be8 Nec8 34. Bd7
Kf7 35. Bxc8 Nxc8 36. Qa3 Na7 37. Nb4 Qd6 38. Qa1 g6 39. f3 Ke7 40. Qb1 f5 41.
e4 Qd8 42. exd5 1/2-1/2

[Event "46th Bulgarian Team Championship"]
[Site "Sunny Beach"]
[Date "2013.09.24"]
[Round "6"]
[Board "4"]
[White "Gocheva, Rumiana"]
[Black "Baninska, Tanja"]
[Result "1-0"]
[WhiteElo "2134"]
[BlackElo "2099"]
[PlyCount "75"]
[EventDate "2013.09.19"]
[EventType "team"]
[EventRounds "7"]
[EventCountry "BUL"]
[WhiteTeam "CSKA, Sofia"]
[BlackTeam "Marek-Union Ivkoni, Dupnitsa"]

1. e4 c5 2. Nf3 e6 3. d3 Nc6 4. g3 g6 5. Bg2 Bg7 6. O-O Nge7 7. Nbd2 O-O 8. Nh4
d5 9. f4 f5 10. e5 Rb8 11. Ndf3 h6 12. c3 Kh7 13. Kh1 b6 14. Rg1 d4 15. c4 Bb7
16. a3 Qd7 17. Bd2 a5 18. h3 Ra8 19. b3 Nd8 20. b4 axb4 21. axb4 Nf7 22. bxc5
Rxa1 23. Qxa1 Ra8 24. Qxd4 Qxd4 25. Nxd4 Bxg2+ 26. Rxg2 bxc5 27. Nxe6 Bxe5 28.
fxe5 Nxe5 29. Nxc5 Ra1+ 30. Kh2 Rd1 31. Re2 N7c6 32. Kg2 Nd4 33. Rxe5 Rxd2+ 34.
Kf1 Kg7 35. Rd5 Nc2 36. Rd7+ Kf6 37. Rd6+ Ke5 38. Re6+ 1-0

[Event "46th Bulgarian Team Championship"]
[Site "Sunny Beach"]
[Date "2013.09.24"]
[Round "6"]
[Board "2"]
[White "Pionova, Sonja"]
[Black "Velcheva, Maria"]
[Result "0-1"]
[WhiteElo "2058"]
[BlackElo "2268"]
[PlyCount "100"]
[EventDate "2013.09.19"]
[EventType "team"]
[EventRounds "7"]
[EventCountry "BUL"]
[WhiteTeam "Viktory, Blagoevgrad"]
[BlackTeam "Shah XXI, Sofia"]

1. d4 d5 2. Nf3 Nf6 3. g3 e6 4. Bg2 c5 5. c3 Nc6 6. O-O Be7 7. b3 O-O 8. Bb2
Qc7 9. Nbd2 e5 10. dxe5 Nxe5 11. Qc2 Nxf3+ 12. Bxf3 c4 13. bxc4 dxc4 14. a4 Be6
15. Rfb1 Rad8 16. Bc1 b6 17. Nf1 Nd7 18. a5 Nc5 19. axb6 axb6 20. Nd2 Nb3 21.
Nxb3 cxb3 22. Rxb3 Bxb3 23. Qxb3 Bf6 24. Ra3 Rc8 25. Bd2 Rfd8 26. Ra2 Qc4 27.
Qb1 b5 28. Be1 b4 29. Be4 bxc3 30. Bxh7+ Kf8 31. Bd3 Rxd3 32. exd3 c2 33. Qb4+
Qxb4 34. Bxb4+ Ke8 35. Bd2 c1=Q+ 36. Bxc1 Rxc1+ 37. Kg2 Rd1 38. Re2+ Kd7 39.
Re3 Bd4 40. Rf3 Ke6 41. h4 f5 42. h5 Ke5 43. Kh3 Rh1+ 44. Kg2 Rxh5 45. Kg1 g5
46. Kg2 Rh8 47. Kg1 Rb8 48. Kg2 Rb3 49. g4 fxg4 50. Rg3 Kf4 0-1

[Event "46th Bulgarian Team Championship"]
[Site "Sunny Beach"]
[Date "2013.09.24"]
[Round "6"]
[Board "3"]
[White "Maksimovic, Suzana"]
[Black "Tsekova, Viktoria"]
[Result "1-0"]
[WhiteElo "2182"]
[BlackElo "1901"]
[PlyCount "67"]
[EventDate "2013.09.19"]
[EventType "team"]
[EventRounds "7"]
[EventCountry "BUL"]
[WhiteTeam "Shah XXI, Sofia"]
[BlackTeam "Viktory, Blagoevgrad"]

1. d4 Nf6 2. c4 g6 3. f3 d5 4. cxd5 Nxd5 5. e4 Nb6 6. Nc3 Bg7 7. Be3 O-O 8. Qd2
Nc6 9. O-O-O Re8 10. Kb1 Na5 11. Bh6 Nac4 12. Qc1 Bh8 13. h4 Qd6 14. Bxc4 Nxc4
15. Nd5 b5 16. Bf4 e5 17. dxe5 Bxe5 18. Bxe5 Qxe5 19. Qc3 Kg7 20. Nxc7 Qxc3 21.
bxc3 Be6 22. Nxa8 Rxa8 23. Ne2 b4 24. cxb4 Rb8 25. Nd4 Rxb4+ 26. Ka1 Na3 27.
Nxe6+ fxe6 28. Rd7+ Kf6 29. Rc1 a5 30. Rxh7 Ke5 31. h5 g5 32. Ra7 a4 33. h6 Kf4
34. h7 1-0

[Event "46th Bulgarian Team Championship"]
[Site "Sunny Beach"]
[Date "2013.09.24"]
[Round "6"]
[Board "4"]
[White "Penkova, Mariana"]
[Black "Stefanova, Milena"]
[Result "0-1"]
[WhiteElo "1663"]
[BlackElo "2001"]
[PlyCount "110"]
[EventDate "2013.09.19"]
[EventType "team"]
[EventRounds "7"]
[EventCountry "BUL"]
[WhiteTeam "Viktory, Blagoevgrad"]
[BlackTeam "Shah XXI, Sofia"]

1. d4 d5 2. Nf3 Nf6 3. g3 c6 4. Bg2 g6 5. O-O Bg7 6. Nbd2 Nbd7 7. c4 a6 8. b3
O-O 9. Bb2 b5 10. Rc1 Qb6 11. Qc2 Bb7 12. cxd5 cxd5 13. Qc7 Rfc8 14. Qxb6 Nxb6
15. Ne5 Nfd7 16. Nd3 a5 17. e4 Bh6 18. f4 e6 19. e5 Bf8 20. Rxc8 Rxc8 21. Rc1
b4 22. Kf2 a4 23. Rxc8 Bxc8 24. Ke3 Ba6 25. Bf1 a3 26. Bc1 Nc8 27. Ne1 Bxf1 28.
Nxf1 Na7 29. Bd2 Nc6 30. Nc2 Ndb8 31. g4 Na6 32. Ng3 Nc7 33. Ne2 Nb5 34. Kd3 h6
35. Ke3 Be7 36. Kd3 Kg7 37. f5 gxf5 38. gxf5 Bf8 39. Nf4 Nc7 40. f6+ Kh7 41.
Ke3 Na6 42. Nd3 Kg6 43. Kf4 h5 44. Kf3 Kf5 45. Ne3+ Kg6 46. Nf4+ Kg5 47. Ne2
Kg6 48. Ng2 Bh6 49. Ngf4+ Kh7 50. Be3 Na5 51. Nc1 Nc6 52. Ncd3 Nc7 53. Nxh5 Nb5
54. Kf2 Nc3 55. Nc1 Nd1+ 0-1

[Event "46th Bulgarian Team Championship"]
[Site "Sunny Beach"]
[Date "2013.09.25"]
[Round "7"]
[Board "2"]
[White "Parvanova, Desislava"]
[Black "Pionova, Sonja"]
[Result "1/2-1/2"]
[WhiteElo "1983"]
[BlackElo "2058"]
[PlyCount "62"]
[EventDate "2013.09.19"]
[EventType "team"]
[EventRounds "7"]
[EventCountry "BUL"]
[WhiteTeam "Ivis-plus, Sofia"]
[BlackTeam "Viktory, Blagoevgrad"]

1. e4 b6 2. d4 Bb7 3. Bd3 g6 4. Nf3 Bg7 5. O-O d6 6. Qe2 Nd7 7. h3 e6 8. Be3
Ne7 9. Nbd2 O-O 10. c3 c5 11. b4 cxb4 12. cxb4 Rc8 13. Rfc1 Rxc1+ 14. Rxc1 Qb8
15. Nb3 Rc8 16. Rxc8+ Qxc8 17. Qc2 Qxc2 18. Bxc2 h6 19. Kf1 g5 20. Ne1 Ng6 21.
g3 Kf8 22. Ke2 Ke7 23. Kd2 Nb8 24. Nc1 Na6 25. Kc3 Nc7 26. Bd3 Ba6 27. Bxa6
Nxa6 28. a3 Nc7 29. Ne2 Nf8 30. Kc2 Nd7 31. Kb3 Nb5 1/2-1/2

[Event "46th Bulgarian Team Championship"]
[Site "Sunny Beach"]
[Date "2013.09.25"]
[Round "7"]
[Board "3"]
[White "Tsekova, Viktoria"]
[Black "Draganova, Petranka"]
[Result "0-1"]
[WhiteElo "1901"]
[BlackElo "1983"]
[PlyCount "49"]
[EventDate "2013.09.19"]
[EventType "team"]
[EventRounds "7"]
[EventCountry "BUL"]
[WhiteTeam "Viktory, Blagoevgrad"]
[BlackTeam "Ivis-plus, Sofia"]

1. Nf3 c5 2. c4 Nf6 3. d4 cxd4 4. Nxd4 Nc6 5. g3 e5 6. Nc2 d5 7. cxd5 Qxd5 8.
Qxd5 Nxd5 9. Bg2 Be6 10. O-O Bc5 11. Nc3 Nxc3 12. bxc3 Rc8 13. Nb4 Nxb4 14.
cxb4 Bd4 15. Be3 Bxa1 16. Rxa1 b6 17. a4 O-O 18. a5 Rb8 19. axb6 axb6 20. Bc6
Bc4 21. b5 Bxe2 22. Ra6 Rfc8 23. Ra7 Rd8 24. Kg2 h6 25. Ra6 0-1

[Event "46th Bulgarian Team Championship"]
[Site "Sunny Beach"]
[Date "2013.09.25"]
[Round "7"]
[Board "1"]
[White "Stojanovic, Andjelija"]
[Black "Raeva, Elitsa"]
[Result "0-1"]
[WhiteElo "2303"]
[BlackElo "2327"]
[PlyCount "104"]
[EventDate "2013.09.19"]
[EventType "team"]
[EventRounds "7"]
[EventCountry "BUL"]
[WhiteTeam "CSKA, Sofia"]
[BlackTeam "Shah XXI, Sofia"]

1. d4 Nf6 2. Nc3 d5 3. Bg5 c6 4. Qd3 Na6 5. a3 Nc7 6. e4 dxe4 7. Nxe4 Qd5 8.
Bxf6 exf6 9. c4 Qa5+ 10. Qc3 Qxc3+ 11. Nxc3 Bf5 12. O-O-O O-O-O 13. Bd3 Be6 14.
Nce2 g6 15. Nf3 Bh6+ 16. Kc2 Rhe8 17. h3 b5 18. b3 Kb8 19. Nc3 b4 20. Ne4 Bf5
21. Rhe1 bxa3 22. Nc5 Bc8 23. Rxe8 Rxe8 24. Ra1 Bf8 25. Rxa3 Ne6 26. b4 Nf4 27.
Bf1 Bf5+ 28. Kd2 Rd8 29. Kc3 Bc8 30. Ra1 Ne6 31. Nxe6 fxe6 32. g3 Bd6 33. Bg2
Bc7 34. Rb1 a6 35. c5 Ka7 36. Bf1 e5 37. dxe5 fxe5 38. Re1 Re8 39. Ng5 Rf8 40.
Ne4 a5 41. Bg2 Be6 42. Ra1 Bd5 43. f3 Rb8 44. Nf6 Rxb4 45. Nxd5 cxd5 46. Bf1
Kb7 47. Rd1 Kc6 48. f4 e4 49. Ba6 Kxc5 50. Bc8 d4+ 51. Kc2 d3+ 52. Kd2 Kd4 0-1

[Event "46th Bulgarian Team Championship"]
[Site "Sunny Beach"]
[Date "2013.09.25"]
[Round "7"]
[Board "2"]
[White "Velcheva, Maria"]
[Black "Genova, Lyubka"]
[Result "1/2-1/2"]
[WhiteElo "2268"]
[BlackElo "2269"]
[PlyCount "79"]
[EventDate "2013.09.19"]
[EventType "team"]
[EventRounds "7"]
[EventCountry "BUL"]
[WhiteTeam "Shah XXI, Sofia"]
[BlackTeam "CSKA, Sofia"]

1. e4 c5 2. Nf3 e6 3. b3 Nc6 4. Bb2 Nf6 5. e5 Nd5 6. c4 Nf4 7. g3 Ng6 8. Bg2
Qc7 9. Qe2 a6 10. O-O b5 11. d3 Bb7 12. Nbd2 Be7 13. h4 h5 14. Rfe1 b4 15. Ne4
O-O-O 16. Nd6+ Bxd6 17. exd6 Qxd6 18. Bxg7 Rhg8 19. Bf6 Nf4 20. gxf4 Nd4 21.
Bxd4 Rxg2+ 22. Kxg2 Qxf4 23. Kf1 Bxf3 24. Qe5 Qxd4 25. Qxd4 cxd4 26. a3 bxa3
27. Rxa3 Rg8 28. Rea1 Rg4 29. Rxa6 Rxh4 30. Ra8+ Bxa8 31. Rxa8+ Kb7 32. Rh8 Rh3
33. Ke2 f5 34. b4 h4 35. Rh7 Kc7 36. b5 Rh1 37. Kf3 Rh3+ 38. Ke2 Rh1 39. Kf3
Rh3+ 40. Ke2 1/2-1/2

[Event "46th Bulgarian Team Championship"]
[Site "Sunny Beach"]
[Date "2013.09.25"]
[Round "7"]
[Board "1"]
[White "Strutinskaya, Galina N"]
[Black "Sandu, Mihaela"]
[Result "1/2-1/2"]
[WhiteElo "2292"]
[BlackElo "2267"]
[PlyCount "61"]
[EventDate "2013.09.19"]
[EventType "team"]
[EventRounds "7"]
[EventCountry "BUL"]
[WhiteTeam "Lokomotiv, Plovdiv"]
[BlackTeam "Marek-Union Ivkoni, Dupnitsa"]

1. d4 Nf6 2. Nf3 g6 3. g3 Bg7 4. Bg2 d6 5. O-O O-O 6. Nbd2 Nbd7 7. e4 e5 8. c3
Re8 9. Qc2 c6 10. b3 Qc7 11. Bb2 b6 12. Rfe1 Bb7 13. Rad1 Rad8 14. a4 a6 15.
dxe5 dxe5 16. Ba3 c5 17. h3 b5 18. axb5 axb5 19. Nh2 Ra8 20. Ra1 c4 21. Nhf1
cxb3 22. Nxb3 Rec8 23. Bb4 Bf8 24. Ba5 Qc6 25. Qe2 Nb6 26. Rec1 Nc4 27. Bb4 Ra4
28. Bxf8 Rxf8 29. Ne3 Nxe3 30. Qxe3 Rc8 31. Qg5 1/2-1/2

[Event "46th Bulgarian Team Championship"]
[Site "Sunny Beach"]
[Date "2013.09.25"]
[Round "7"]
[Board "3"]
[White "Genova, Ruzhka"]
[Black "Savova, Stefka"]
[Result "1/2-1/2"]
[WhiteElo "2211"]
[BlackElo "2112"]
[PlyCount "64"]
[EventDate "2013.09.19"]
[EventType "team"]
[EventRounds "7"]
[EventCountry "BUL"]
[WhiteTeam "Lokomotiv, Plovdiv"]
[BlackTeam "Marek-Union Ivkoni, Dupnitsa"]

1. d4 Nf6 2. c4 d6 3. Nf3 Nbd7 4. Nc3 e5 5. e4 Be7 6. Be2 c6 7. O-O a6 8. a4 a5
9. h3 Qc7 10. Be3 O-O 11. Rc1 Re8 12. Qc2 exd4 13. Nxd4 Nc5 14. g4 Bf8 15. Bf3
Nfd7 16. Bg2 Ne5 17. b3 Ned3 18. Rcd1 Nb4 19. Qb1 Bd7 20. f4 Rad8 21. Kh1 d5
22. cxd5 Nxd5 23. Nxd5 cxd5 24. e5 Ne4 25. Rc1 Ng3+ 26. Kg1 Qb8 27. Rfe1 Ne4
28. Re2 b5 29. Bxe4 dxe4 30. Nc6 Bxc6 31. Rxc6 bxa4 32. Rb6 Qc7 1/2-1/2

[Event "46th Bulgarian Team Championship"]
[Site "Sunny Beach"]
[Date "2013.09.25"]
[Round "7"]
[Board "1"]
[White "Arutyunova, Diana"]
[Black "Videnova, Iva"]
[Result "1/2-1/2"]
[WhiteElo "2267"]
[BlackElo "2293"]
[PlyCount "101"]
[EventDate "2013.09.19"]
[EventType "team"]
[EventRounds "7"]
[EventCountry "BUL"]
[WhiteTeam "Spartak Pleven XXI"]
[BlackTeam "Lokomotiv 2000, Plovdiv"]

1. d4 Nf6 2. Nf3 g6 3. Bf4 Bg7 4. e3 d6 5. h3 O-O 6. Be2 Qe8 7. O-O Nfd7 8. Bh2
e5 9. c3 Nc6 10. a4 h6 11. Na3 a6 12. Nc4 e4 13. Nfd2 f5 14. b4 Nf6 15. b5 Ne7
16. Na3 Bd7 17. Qb3+ Kh8 18. b6 Bxa4 19. Qb2 f4 20. bxc7 Ned5 21. Nac4 Bd7 22.
exf4 Qe6 23. Nb6 Nxb6 24. Qxb6 Bc6 25. Qb3 Qxb3 26. Nxb3 Nd5 27. f5 gxf5 28.
Bxd6 Rf6 29. Be5 Rf7 30. Bxa6 Bxe5 31. Bc4 Rc8 32. dxe5 Rfxc7 33. Nd4 Ne7 34.
Be6 Bd7 35. Bxd7 Rxd7 36. Ra5 Rxc3 37. Nxf5 Nxf5 38. e6 Re7 39. Rxf5 Rc6 40.
Rf7 Rxf7 41. exf7 Kg7 42. f3 exf3 43. Rxf3 Rc8 44. Kf2 Rf8 45. g4 b5 46. Ke3
Rxf7 47. Rxf7+ Kxf7 48. h4 Kf6 49. Kd4 b4 50. g5+ hxg5 51. hxg5+ 1/2-1/2

[Event "46th Bulgarian Team Championship"]
[Site "Sunny Beach"]
[Date "2013.09.25"]
[Round "7"]
[Board "2"]
[White "Nikolova, Adriana"]
[Black "Yordanova, Svetla"]
[Result "1-0"]
[WhiteElo "2274"]
[BlackElo "2053"]
[PlyCount "159"]
[EventDate "2013.09.19"]
[EventType "team"]
[EventRounds "7"]
[EventCountry "BUL"]
[WhiteTeam "Lokomotiv 2000, Plovdiv"]
[BlackTeam "Spartak Pleven XXI"]

1. e4 c5 2. c3 e6 3. d4 d5 4. exd5 exd5 5. Nf3 Nf6 6. Bb5+ Nc6 7. O-O Bd6 8.
Nbd2 O-O 9. dxc5 Bxc5 10. Nb3 Bb6 11. Bg5 h6 12. Bxf6 Qxf6 13. Qxd5 Rd8 14. Qh5
Be6 15. Bxc6 bxc6 16. Qe5 Qg6 17. Nbd4 Bd5 18. Nh4 Bxd4 19. Nxg6 Bxe5 20. Nxe5
f6 21. Ng4 Be6 22. Ne3 Rd2 23. b3 a5 24. Rfd1 Rad8 25. Kf1 a4 26. c4 c5 27. Ke1
R2d4 28. Rac1 Bf7 29. Nf5 Re8+ 30. Kf1 Rxd1+ 31. Rxd1 axb3 32. axb3 Bg6 33. Rd5
Rb8 34. Ne7+ Kh7 35. Nxg6 Kxg6 36. Rd3 Ra8 37. Ke2 Ra2+ 38. Rd2 Ra1 39. Kd3 Kf5
40. Kc3 Ke6 41. Rd5 Rc1+ 42. Kd2 Rb1 43. Kc2 Rf1 44. f3 Rf2+ 45. Rd2 Rf1 46. h4
g5 47. hxg5 fxg5 48. Rd5 Rf2+ 49. Kd3 Rxg2 50. Rxc5 h5 51. b4 h4 52. b5 Kd7 53.
Rc6 Rf2 54. Ke4 Rc2 55. Kf5 h3 56. Kxg5 h2 57. Rh6 Rxc4 58. Rxh2 Rc5+ 59. Kf6
Rxb5 60. Rh7+ Ke8 61. Rh8+ Kd7 62. f4 Rb6+ 63. Kf7 Rb5 64. Rh6 Rb1 65. f5 Ra1
66. Rh2 Kd6 67. f6 Ra7+ 68. Kg6 Ra1 69. Rd2+ Ke6 70. Re2+ Kd7 71. f7 Rg1+ 72.
Kf6 Rf1+ 73. Kg7 Rg1+ 74. Kf8 Rg3 75. Rd2+ Kc7 76. Rd5 Kc6 77. Rd4 Kc5 78. Rf4
Kd6 79. Ke8 Re3+ 80. Kd8 1-0